|
|
|
|
| LEADER |
01645nam a2200421 a 4500 |
| 001 |
35712 |
| 003 |
BD-DhAAL |
| 005 |
20211129154657.0 |
| 008 |
190922t2007 cauk b 001 0 eng |
| 999 |
|
|
|c 41343
|d 41343
|
| 010 |
|
|
|a 2006035776
|
| 015 |
|
|
|a GBA716685
|2 bnb
|
| 016 |
7 |
|
|a 013683844
|2 Uk
|
| 020 |
|
|
|a 9781412940382 (cloth)
|
| 020 |
|
|
|a 1412940389 (cloth)
|
| 020 |
|
|
|a 9781412940399 (pbk.)
|
| 020 |
|
|
|a 1412940397 (pbk.)
|
| 035 |
|
|
|a (OCoLC)ocm75087949
|
| 035 |
|
|
|a (OCoLC)75087949
|
| 040 |
|
|
|a DLC
|c DLC
|d BTCTA
|d UKM
|d BAKER
|d C#P
|d YDXCP
|d DLC
|d BD-DhAAL
|
| 050 |
0 |
0 |
|a LB3013
|b .C5595 2007
|
| 082 |
0 |
0 |
|a 373.11024
|2 22
|
| 100 |
|
|
|a Lindberg, Jill A.
|9 35016
|
| 245 |
0 |
0 |
|a Common-sense classroom management for special education teachers, grades 6-12 /
|c Jill A. Lindberg ... [et al.].
|
| 260 |
|
|
|a Thousand Oaks, CA :
|b Corwin Press,
|c c2007.
|
| 300 |
|
|
|a xiv, 143 pages :
|b forms ;
|c 28 cm.
|
| 504 |
|
|
|a Includes bibliographical references (p. 135-138) and index.
|
| 526 |
|
|
|a BIED
|
| 541 |
|
|
|a Complimentary copy from BIED
|e 35712
|
| 650 |
|
0 |
|a Classroom management.
|9 35017
|
| 650 |
|
0 |
|a Children with disabilities
|x Education (Secondary)
|9 35018
|
| 650 |
|
0 |
|a Special education teachers.
|9 35019
|
| 700 |
1 |
|
|a Kelley, Dianne Evans
|9 35020
|
| 700 |
1 |
|
|a Walker-Wied, Judith
|9 35021
|
| 700 |
1 |
|
|a Forjan, Kristin M.
|9 35022
|
| 852 |
|
|
|a Ayesha Abed Library
|c BIED Collection
|
| 942 |
|
|
|2 ddc
|c BK
|
| 952 |
|
|
|0 0
|1 0
|2 ddc
|4 0
|6 373_110240000000000_LIN
|7 0
|9 66446
|a BRACUL
|b BRACUL
|c GEN
|d 2019-09-22
|e Complimentary copy from BIED
|l 0
|o 373.11024 LIN
|p 3010035712
|r 2019-09-22
|t 1
|w 2019-09-22
|y BK
|x Transferred from BIED to General Stacks
|